Name The EDM artist or group! - Statistics

General Stats
  • This quiz has been taken 424 times
  • The average score is 6 of 22
Answer Stats
Hint Answer % Correct
One(I wanna Know your name) Swedish House Mafia
77%
Adagio for Strings Tiesto
65%
Apollo Hardwell
64%
The Veldt Deadmau5
60%
Years Alesso
47%
Rattle Bingo Players
46%
Language Porter Robinson
46%
Father Said Skrillex
28%
Dragonborn Headhunterz
26%
Tornado Steve Aoki
25%
Lift Off! W&W
23%
Rolling Stone T Shirt Dada Life
18%
Room for Happiness Kaskade
17%
Waiting Dash Berlin
8%
2Night Eric Prydz
8%
Daydreamer Flux Pavillion
6%
Blue Steel Excision
4%
Nothing Without Me Markus Schulz
3%
Diminishing Returns Alvin Risk
2%
New Noise Bloody Beetroots
2%
Thank You Third Party
2%
You Don't Have to Whisper AN21 and Max Vangelli
1%
No matching quizzes found
Score Distribution
Percent of People with Each Score
Percentile by Number Answered
Your Score History
You have not taken this quiz